Complete the Titles of Songs by Ed Sheeran - Statistics

General Stats
  • This quiz has been taken 206 times
  • The average score is 12 of 15
Answer Stats
Song Title % Correct
Shape of {You}
98%
Thinking Out {Loud}
98%
Galway {Girl}
97%
Castle on the {Hill}
96%
The A {Team}
94%
Lego {House}
90%
Bad {Habits}
82%
Give Me {Love}
81%
I See {Fire}
78%
South of the {Border}
77%
I Don't {Care}
76%
Beautiful {People}
75%
Cross {Me}
55%
Take Me Back to {London}
55%
Small {Bump}
53%
No matching quizzes found
Score Distribution
Percent of People with Each Score
Percentile by Number Answered
Your Score History
You have not taken this quiz